000 01693njm a2200349Ia 4500
001 24647
003 IT-RoPAU
005 20220918181112.0
008 131025s9999 xx 000 0 und d
040 _aIT-RoPAU
040 _cIT-RoPAU
999 _c99050
_d99050
999 _bn.d.
100 _aAA.VV.
_9794
100 _eAutore musica
_911270
100 _gCodice autore musica SPICS: 12000
_9796
245 _aBlue Bird (Paradiesvogel)
250 _a1a ed.
260 _aITALIA
260 _bPOLYDOR
_c1982 [1a Ed.:1982]
300 _aDISCO
300 _c49 minuti (Testo: pag.)
500 _aMusica strumentale. Arrangiamento.
505 _aA Morning At Cornwall (5:00) - Proud As A Peacock (4:00) - Love Bird (5:00) - Quiberon (5:00) - The Sandpiper (4:00) - Paradiesvogel (4:00) - Alassio (5:00) - Eisvogel (5:00) - Nightowl(4:00) - Roter Milan(5:00) - Over Valley and Mountain (5:00) - Billy Magee Magar (3:00)
650 _aARRANGIAMENTI [DISCHI]
_eCodice MATERIA SPICS: 9950
_910178
700 _aLast James
_eInterprete
_gCodice interprete SPICS: 10976
_911271
700 _aLast James
_gCodice autore musica SPICS: 10976
_eAutore musica
_99404
_pA Morning At Cornwall - Proud As A Peacock - Eisvogel - Over Valley and Mountain
700 _aLast Ronald
_gCodice autore musica SPICS: 15710
_eAutore musica
_pLove Bird - The Sandpiper - Roter Milan - Billy Magee Magar
_911272
700 _aEggert Thomas
_gCodice autore musica SPICS: 15725
_eAutore musica
_pQuiberon - Nightowl
_911273
700 _aFrantz K.
_gCodice autore musica SPICS: 27514
_eAutore musica
_pParadiesvogel
_911274
700 _aDittrich Oliver
_gCodice autore musica SPICS: 27515
_eAutore musica
_pAlassio
_911275
942 _cMD
_2ddc